Cidades Brasileiras aptas a terem Segundo Turno em Eleições Municipais - Statistics

Estatísticas Gerais
  • Esse quiz foi jogado 343 vezes
    200 desde o último reset
  • A pontuação média é 48 de 103
Estatísticas das Respostas
Estado Cidade % Correto
Rio de Janeiro Rio de Janeiro
94%
Pará Belém
91%
São Paulo São Paulo
91%
Goiás Goiânia
89%
Minas Gerais Belo Horizonte
85%
Santa Catarina Florianópolis
84%
Rio Grande do Sul Porto Alegre
83%
Paraná Curitiba
82%
Ceará Fortaleza
81%
Espírito Santo Vitória
80%
Mato Grosso do Sul Campo Grande
78%
São Paulo Campinas
77%
Amazonas Manaus
76%
Rio Grande do Norte Natal
75%
Pernambuco Recife
75%
Bahia Salvador
75%
Acre Rio Branco
74%
Sergipe Aracaju
73%
Tocantins Palmas
73%
Mato Grosso Cuiabá
70%
Paraíba João Pessoa
70%
Roraima Boa Vista
68%
Maranhão São Luís
68%
São Paulo Guarulhos
67%
Amapá Macapá
67%
Rio de Janeiro Niterói
67%
Alagoas Maceió
66%
Rondônia Porto Velho
65%
Paraná Londrina
64%
São Paulo Santos
64%
Piauí Teresina
63%
Minas Gerais Uberlândia
61%
Santa Catarina Joinville
58%
São Paulo São Bernardo do Campo
58%
São Paulo Ribeirão Preto
56%
Paraíba Campina Grande
54%
Bahia Feira de Santana
54%
São Paulo Santo André
53%
Goiás Anápolis
51%
Paraná Maringá
51%
Minas Gerais Uberaba
49%
Rio de Janeiro Campos dos Goytacazes
47%
Rio Grande do Sul Caxias do Sul
47%
São Paulo Osasco
47%
Santa Catarina Blumenau
46%
Rio de Janeiro Duque de Caxias
46%
Pará Santarém
45%
São Paulo São José dos Campos
45%
Minas Gerais Juiz de Fora
44%
Rio de Janeiro São Gonçalo
44%
Paraná Cascavel
43%
Rio de Janeiro Nova Iguaçu
42%
São Paulo Diadema
41%
Pernambuco Olinda
41%
Espírito Santo Vila Velha
41%
Pará Ananindeua
40%
Goiás Aparecida de Goiânia
40%
Rio de Janeiro Belford Roxo
39%
Minas Gerais Betim
39%
Rio Grande do Sul Pelotas
39%
Espírito Santo Serra
39%
São Paulo Sorocaba
39%
Rio Grande do Sul Canoas
37%
Pernambuco Petrolina
37%
Bahia Vitória da Conquista
37%
Paraná Ponta Grossa
35%
Minas Gerais Contagem
34%
Paraná Foz do Iguaçu
34%
São Paulo Bauru
32%
Maranhão Imperatriz
32%
Pernambuco Jaboatão dos Guararapes
32%
Rio de Janeiro Petrópolis
32%
São Paulo São José do Rio Preto
32%
Rio de Janeiro Volta Redonda
32%
Pernambuco Caruaru
30%
São Paulo Jundiaí
30%
Rio Grande do Sul Santa Maria
30%
São Paulo Guarujá
28%
São Paulo Barueri
27%
Espírito Santo Cariacica
26%
São Paulo Piracicaba
26%
Bahia Camaçari
25%
Ceará Caucaia
25%
Minas Gerais Montes Claros
25%
Paraná São José dos Pinhais
24%
São Paulo Taubaté
23%
São Paulo Mogi das Cruzes
22%
São Paulo Franca
20%
São Paulo Limeira
20%
São Paulo Mauá
20%
São Paulo Embu das Artes
18%
Pernambuco Paulista
18%
São Paulo Praia Grande
18%
São Paulo São Vicente
18%
Minas Gerais Ribeirão das Neves
17%
Rio de Janeiro São João de Meriti
17%
São Paulo Suzano
16%
São Paulo Carapicuíba
15%
Rio de Janeiro Magé
15%
Pará Parauapebas
15%
São Paulo Itaquaquecetuba
14%
São Paulo Taboão da Serra
11%
São Paulo Sumaré
8%
Nenhum quiz correspondente encontrado
Distribuição das Pontuações
Porcentagem de Pessoas com Cada Pontuação
Percentil de Números Respondidos
Sua Pontuação Histórica
Você não jogou esse quiz desde o último reset